| 000 | 00548nam a2200205Ia 4500 | ||
|---|---|---|---|
| 005 | 20250326144550.0 | ||
| 008 | 250326s9999 xx 000 0 und d | ||
| 020 | _a978-81-89265-05-9 | ||
| 037 | _aTextbook | ||
| 040 |
_aFMSL _beng _cFMSL |
||
| 041 |
_aeng _2eng |
||
| 084 |
_aX:8 P8 _qFMSL |
||
| 100 | _aRampersad Hubert K | ||
| 245 | 0 |
_aAuthentic personal branding _cRampersad Hubert K |
|
| 260 |
_aNew Delhi _bNew Delhi, Sara _c2008 |
||
| 300 | _axvi,226 | ||
| 365 | _b995 | ||
| 942 |
_cTB _hX:8 P8 |
||
| 999 |
_c1304185 _d1304185 |
||